Quantitative modeling of derivative securities (رقم التسجيلة. 903)
[ عرض عادي ]
| 000 -الفاتح | |
|---|---|
| حقل البيانات ثابتة الطول | 00943pam a2200301 a 4500 |
| 001 - رقم الضبط | |
| رقم الضبط | 42389666 |
| 003 - محدد رقم الضبط | |
| رقم الضبط | OCoLC |
| 005 - وقت وتاريخ اخر تعامل مع التسجيلة | |
| رقم الضبط | 20150408113724.0 |
| 008 - عناصر البيانات ثابتة الطول - معلومات عامة | |
| حقل البيانات ثابتة الطول | 990830s2000 flua b 001 0 eng |
| 010 ## - رقم ضبط مكتبة الكونجرس | |
| رقم ضبط مكتبة الكونجرس | 99047242 |
| 015 ## - رقم الببليوجرافية الوطنية | |
| رقم الببليوجرافية الوطنية | GB99-75607 |
| 020 ## - الرقم الدولى المعيارى للكتب | |
| الرقم الدولى المعيارى للكتاب | 1584880317 (alk. paper) |
| 035 ## - رقم ضبط النظام | |
| رقم ضبط النظام | .o2394807 |
| 040 ## - مصدر الفهرسة | |
| وكالة الفهرسة الأصلية | DLC |
| وكالة النسخ | DLC |
| وكالة التعديل | C#P |
| -- | UKM |
| -- | WSU |
| 042 ## - رمز التحقق | |
| رمز التحقق | pcc |
| 050 00 - رقم طلب مكتبة الكونجرس | |
| رقم التصنيف | HG6024.A3 |
| رقم المادة | A93 2000 |
| 082 00 - رقم تصنيف ديوى العشرى | |
| رقم التصنيف | 332.63/228 |
| رقم الطبعة | 21 |
| 100 1# - المدخل الرئيسى - إسم شخصى | |
| الإسم الشخصى | Avellaneda, Marco, |
| التواريخ المصاحبة للاسم | 1955- |
| 9 (RLIN) | 4622 |
| 245 10 - بيان العنوان | |
| العنوان | Quantitative modeling of derivative securities |
| بقية العنوان | from theory to practice / |
| بيان المسئوليه,etc | Marco Avellaneda in collaboration with Peter Laurence. |
| 260 ## - PUBLICATION, DISTRIBUTION, ETC. (IMPRINT) | |
| مكان الناشر او الموزع | Boca Raton, Fla. |
| اسم الناشر او الموزع | Chapman & Hall/CRC, |
| تاريخ النشر أو التوزيع | c2000. |
| 300 ## - الوصف المادى | |
| تفاصيل ماديه اخرى للوعاء | ill. ; |
| أبعاد الوعاء | 26 cm. |
| التعداد | xii, 322 p. |
| 504 ## - تبصرة ببليوجرافية | |
| تبصرة ببليوجرافية,الخ | De |
| 650 ## - المدخل الاضافى بالموضوع-مصطلح موضوعى | |
| مصطلح موضوعي أو اسم جغرافي كعنصر مدخل | Derivative securities |
| 9 (RLIN) | 4623 |
| 650 ## - المدخل الاضافى بالموضوع-مصطلح موضوعى | |
| مصطلح موضوعي أو اسم جغرافي كعنصر مدخل | Options (Finance) |
| 9 (RLIN) | 4624 |
| 650 ## - المدخل الاضافى بالموضوع-مصطلح موضوعى | |
| مصطلح موضوعي أو اسم جغرافي كعنصر مدخل | Exotic options (Finance) |
| 9 (RLIN) | 4625 |
| 700 ## - المدخل الاضافى - اسم شخصى | |
| الإسم الشخصى | Laurence, Peter |
| 9 (RLIN) | 4626 |
| 942 ## - عناصر المدخل الإضافي( كوها) | |
| مصدر التصنيف او مخطط الترفيف | Dewey Decimal Classification |
| Koha [default] item type | DVD |
| حالة الفقد | نموذج السعر الفعال | حالة تلف | ليس للاعارة | رقم الطلب | تاريخ الاكتساب | الموقع الحالي | الباركود | الفرع الرئيسي | Date last seen | نوع المادة فى نظام كوها | مصدر التصنيف او خطة الترفيف | Total Checkouts |
|---|---|---|---|---|---|---|---|---|---|---|---|---|
| 2013-03-10 | 332.63/228 A M Q | 2011-09-19 | المكتبة المركزية بالمجمعة (CL) | 00050635 | المكتبة المركزية بالمجمعة (CL) | 2013-03-10 | كتاب | Dewey Decimal Classification | ||||
| 2013-03-10 | 332.63/228 A M Q | 2011-09-19 | المكتبة المركزية بالمجمعة (CL) | 00050633 | المكتبة المركزية بالمجمعة (CL) | 2013-03-10 | كتاب | Dewey Decimal Classification | ||||
| 2013-03-10 | 332.63/228 A M Q | 2011-09-19 | المكتبة المركزية بالمجمعة (CL) | 00050631 | المكتبة المركزية بالمجمعة (CL) | 2013-03-10 | كتاب | Dewey Decimal Classification |
